书目信息 |
| 题名: |
保龄球入门
|
|
| 作者: | 章页 编 | |
| 分册: | ||
| 出版信息: | 上海 上海科学普及出版社 1997.9 |
|
| 页数: | 93页 | |
| 开本: | 20cm | |
| 丛书名: | ||
| 单 册: | ||
| 中图分类: | G849.4 | |
| 科图分类: | ||
| 主题词: | 球类运动 | |
| 电子资源: | ||
| ISBN: | 7-5427-1318-3 | |
| 000 | 00523nam0 2200193 45 | |
| 001 | 0103221659 | |
| 005 | 20040506130747.6 | |
| 010 | @a7-5427-1318-3@dCNY4.00 | |
| 100 | @a20010322d1997 km y0chiy0120 ea | |
| 101 | 0 | @achi |
| 105 | @a z 000yy | |
| 200 | 1 | @a保龄球入门@ABao Ling Qiu Ru Men@f章页编@FZhang Ye Bian |
| 210 | @a上海@c上海科学普及出版社@d1997.9 | |
| 215 | @a93页@c插图@d20cm | |
| 606 | 0 | @a球类运动 |
| 690 | @aG849.4@v1 | |
| 701 | 0 | @a章页@4编 |
| 801 | @aCN@bTSTC@c20010322 | |
| 905 | @dG849.4@e119@f1@b295839 | |
| 保龄球入门/章页编.-上海:上海科学普及出版社,1997.9 |
| 93页:插图;20cm |
| ISBN 7-5427-1318-3:CNY4.00 |
| ● |
| 相关链接 |
|
|
|
|
正题名:保龄球入门
索取号:G849.4/119
 
预约/预借
| 序号 | 登录号 | 条形码 | 馆藏地/架位号 | 状态 | 备注 |
| 1 | 0295836 | 002958366 | 第四借阅区/ [索取号:G849.4/119] | 在馆 | |
| 2 | 0295837 | 002958375 | 第四借阅区/ [索取号:G849.4/119] | 在馆 | |
| 3 | 0295838 | 002958384 | 第四借阅区/ [索取号:G849.4/119] | 在馆 | |
| 4 | 0295839 | 002958393 | 第四借阅区/ [索取号:G849.4/119] | 在馆 | |
| 5 | 0295840 | 002958400 | 第一样本阅览室/ [索取号:G849.4/119] | 在馆 |